[Event "Maikop Adygea op"]
[Site "Maikop"]
[Date "2023.02.02"]
[Round "7"]
[White "Baranov, Grigory"]
[Black "Udovichenko, Nikolai"]
[Result "1/2-1/2"]
[WhiteElo "2308"]
[BlackElo "2076"]
[PlyCount "170"]
[EventDate "2023.01.28"]
[EventType "swiss"]
[EventRounds "9"]
[EventCountry "RUS"]
[SourceTitle "CBM 213 Extra"]
[Source "ChessBase"]
[SourceDate "2023.05.31"]
[SourceVersion "1"]
[SourceVersionDate "2023.05.31"]
[SourceQuality "1"]

1. e4 e5 2. Nc3 Bc5 3. Nf3 d6 4. d4 exd4 5. Nxd4 a6 6. Be2 Bd7 7. 0-0 Nc6 8. Nf5 Bxf5 9. exf5 Qd7 10. Bg4 Nf6 11. Bh3 0-0-0 12. Bg5 d5 13. Ne2 Kb8 14. c3 Rde8 15. b4 Bd6 16. a4 Ne7 17. Nd4 h5 18. f3 c5 19. bxc5 Bxc5 20. Kh1 Nc6 21. Nxc6+ Qxc6 22. Re1 Rxe1+ 23. Qxe1 Re8 24. Qd2 Bd6 25. Rc1 Be5 26. g3 Rc8 27. Bf4 Bxf4 28. Qxf4+ Ka8 29. Bf1 Rd8 30. Qd4 Qd7 31. Bd3 Qd6 32. Kg2 Re8 33. Rb1 Rc8 34. Rb3 Qc5 35. Qxc5 Rxc5 36. Kf2 Ra5 37. Rb4 Nd7 38. Ke3 Ka7 39. Kd4 f6 40. f4 Nb8 41. Ke3 Nc6 42. Rb2 Rxa4 43. h4 Ra3 44. Kd2 d4 45. cxd4 Nxd4 46. Rb4 Nc6 47. Re4 a5 48. Re6 Kb6 49. Rd6 Kc7 50. Re6 Rb3 51. Re8 Nb4 52. Be4 Nc6 53. g4 a4 54. Rg8 a3 55. Rxg7+ Kb6 56. gxh5 a2 57. Rg1 Rh3 58. Kc2 Rh2+ 59. Kb3 Nd4+ 60. Kc4 Nc6 61. Ra1 Na5+ 62. Kb4 Nc6+ 63. Kc4 Rxh4 64. Rxa2 Rxf4 65. Rb2+ Kc7 66. Kd3 Rh4 67. Ke3 Rxh5 68. Rb5 Rh3+ 69. Kf4 b6 70. Rb1 Rc3 71. Rh1 Ne5 72. Rh7+ Nd7 73. Bd5 Kd6 74. Be6 Rc7 75. Rf7 b5 76. Bxd7 Rxd7 77. Rxf6+ Kc5 78. Re6 b4 79. f6 b3 80. Re7 Rxe7 81. fxe7 b2 82. e8Q b1Q 83. Qc8+ Kd6 84. Qd8+ Kc6 85. Qc8+ Kd6 1/2-1/2

[Event "Adygea rapid op"]
[Site "Maikop"]
[Date "2019.05.03"]
[Round "9"]
[White "Baranov, Grigory"]
[Black "Udovichenko, Nikolai"]
[Result "1-0"]
[WhiteElo "2319"]
[BlackElo "2174"]
[PlyCount "57"]
[EventDate "2019.05.02"]
[EventType "swiss (rapid)"]
[EventRounds "9"]
[EventCountry "RUS"]
[SourceTitle "CBM 190 Extra"]
[Source "ChessBase"]
[SourceDate "2019.07.15"]
[SourceVersion "1"]
[SourceVersionDate "2019.07.15"]
[SourceQuality "1"]

1. b4 e5 2. Bb2 f6 3. e4 Bxb4 4. Bc4 g6 5. Qf3 Nc6 6. Ne2 Na5 7. Bxg8 Rxg8 8. 0-0 d6 9. d4 Be6 10. a3 Nc4 11. axb4 Nxb2 12. Qc3 Bc4 13. Re1 Bxe2 14. Rxe2 Nd1 15. Qd3 Nxf2 16. Rxf2 c6 17. Nd2 Qe7 18. d5 Rg7 19. Nc4 c5 20. bxc5 dxc5 21. Nb6 Rd8 22. Rxa7 Qd6 23. Qb5+ Kf8 24. Nc4 Qc7 25. Rxf6+ Kg8 26. Qb6 Qxb6 27. Nxb6 Rf8 28. Rxf8+ Kxf8 29. d6 1-0

[Event "Adygea rapid op"]
[Site "Maikop"]
[Date "2019.05.02"]
[Round "4"]
[White "Baranov, Grigory"]
[Black "Demchenko, Anton"]
[Result "0-1"]
[WhiteElo "2319"]
[BlackElo "2671"]
[PlyCount "108"]
[EventDate "2019.05.02"]
[EventType "swiss (rapid)"]
[EventRounds "9"]
[EventCountry "RUS"]
[SourceTitle "CBM 190 Extra"]
[Source "ChessBase"]
[SourceDate "2019.07.15"]
[SourceVersion "1"]
[SourceVersionDate "2019.07.15"]
[SourceQuality "1"]

1. b4 g6 2. Bb2 Nf6 3. c4 Bg7 4. e3 0-0 5. Nf3 d6 6. d4 Nbd7 7. Be2 e5 8. Nc3 Re8 9. dxe5 dxe5 10. 0-0 c6 11. e4 Qc7 12. Qc2 Nf8 13. Rad1 Bg4 14. Nd2 Ne6 15. Nb3 Rad8 16. f3 Nd4 17. Nxd4 exd4 18. fxg4 dxc3 19. Qxc3 Rxd1 20. Bxd1 Nh5 21. Qb3 Bxb2 22. Qxb2 Nf4 23. Qf6 Nd3 24. c5 Qe7 25. Bb3 Qxf6 26. Rxf6 Ne5 27. Rd6 Kf8 28. g5 Ke7 29. h3 a5 30. Rd4 Ra8 31. bxa5 Rxa5 32. Rb4 Ra7 33. Kf1 Nd7 34. e5 Nxc5 35. Bc4 Ra4 36. Rxa4 Nxa4 37. Ke2 Nb6 38. Bb3 Nd7 39. e6 fxe6 40. Ke3 Kd6 41. g4 Ke5 42. h4 Nb6 43. Kf3 Nd5 44. Bc2 b5 45. h5 Ne7 46. a4 bxa4 47. Bxa4 Kd4 48. Bc2 c5 49. Bb1 c4 50. Be4 c3 51. Bb1 Nc6 52. Kf4 Ne5 53. Bc2 Nd3+ 54. Kg3 Ke3 0-1

[Event "Adygea rapid op"]
[Site "Maikop"]
[Date "2019.05.02"]
[Round "2"]
[White "Baranov, Grigory"]
[Black "Kadilin, Alexander"]
[Result "1-0"]
[WhiteElo "2319"]
[BlackElo "2005"]
[PlyCount "75"]
[EventDate "2019.05.02"]
[EventType "swiss (rapid)"]
[EventRounds "9"]
[EventCountry "RUS"]
[SourceTitle "CBM 190 Extra"]
[Source "ChessBase"]
[SourceDate "2019.07.15"]
[SourceVersion "1"]
[SourceVersionDate "2019.07.15"]
[SourceQuality "1"]

1. e4 e6 2. d4 d5 3. Nd2 Nf6 4. e5 Nfd7 5. c3 c5 6. Bd3 Nc6 7. Ne2 cxd4 8. cxd4 f6 9. f4 fxe5 10. fxe5 Nxd4 11. Nxd4 Qh4+ 12. Kf1 Qxd4 13. Nf3 Qb6 14. Qc2 g6 15. Bxg6+ hxg6 16. Qxg6+ Kd8 17. Bg5+ Kc7 18. Rc1+ Kb8 19. g4 Bc5 20. Kg2 a5 21. Rc2 a4 22. Rhc1 Rf8 23. Rxc5 Nxc5 24. Be3 Ra5 25. Qc2 Rb5 26. Bxc5 Rxb2 27. Bxb6 Rxc2+ 28. Rxc2 Bd7 29. g5 Be8 30. Bc7+ Ka7 31. Bd6 Rf4 32. Rc3 Bg6 33. Kg3 Re4 34. Nh4 Bh5 35. h3 b5 36. g6 d4 37. Rc7+ Kb6 38. g7 1-0

[Event "GRE-chT 41st"]
[Site "Achaia"]
[Date "2013.07.02"]
[Round "1.1"]
[White "Baranov, Grigory"]
[Black "Papadopoulos, Ioannis K"]
[Result "0-1"]
[WhiteElo "2321"]
[BlackElo "2415"]
[PlyCount "92"]
[EventDate "2013.07.02"]
[EventType "team-swiss"]
[EventRounds "7"]
[EventCountry "GRE"]
[SourceTitle "CBM 155 Extra"]
[Source "ChessBase"]
[SourceDate "2013.08.26"]
[SourceVersion "1"]
[SourceVersionDate "2013.08.26"]
[SourceQuality "1"]
[WhiteTeam "Triandrias Chess Intervention"]
[BlackTeam "Marion Thunder Oreokastrou"]
[WhiteTeamCountry "GRE"]
[BlackTeamCountry "GRE"]

1. e4 c5 2. Nc3 a6 3. g3 b5 4. Bg2 Bb7 5. d3 e6 6. f4 b4 7. Na4 d5 8. e5 Nh6 9. c4 bxc3 10. bxc3 Bc6 11. Rb1 Nd7 12. Bd2 Bb5 13. c4 dxc4 14. Nc3 cxd3 15. a4 Bc4 16. Bxa8 Qxa8 17. Qf3 Bd5 18. Nxd5 Qxd5 19. Rb7 c4 20. Qxd5 exd5 21. Nf3 Bc5 22. Kd1 Ng4 23. Re1 Nf2+ 24. Kc1 Ne4 25. Ng5 Ba3+ 26. Kb1 Nxd2+ 27. Ka2 Be7 28. e6 fxe6 29. Rxe6 c3 30. Rc7 Kd8 31. Rxc3 Bxg5 32. fxg5 Ne4 33. Rxd3 Nec5 34. Ree3 Nxd3 35. Rxd3 Re8 36. Rxd5 Re2+ 37. Kb1 Rxh2 38. Ra5 Rh5 39. g4 Rh4 40. Rxa6 Rxg4 41. Ra5 Nb6 42. Ra7 Rxg5 43. a5 Nc8 44. Rf7 Rxa5 45. Rxg7 h6 46. Kc2 Rd5 0-1

[Event "Thessaloniki Triandria op 5th"]
[Site "Thessaloniki"]
[Date "2012.04.18"]
[Round "2"]
[White "Avramidou, Anastasia"]
[Black "Baranov, Grigory"]
[Result "0-1"]
[WhiteElo "1795"]
[BlackElo "2320"]
[PlyCount "52"]
[EventDate "2012.04.17"]
[EventType "swiss"]
[EventRounds "7"]
[EventCountry "GRE"]
[SourceTitle "EXT 2014"]
[Source "ChessBase"]
[SourceDate "2013.11.20"]
[SourceVersion "1"]
[SourceVersionDate "2013.11.20"]
[SourceQuality "1"]

1. Nf3 g6 2. c4 Bg7 3. g3 b6 4. Bg2 Bb7 5. Nc3 c5 6. 0-0 Nc6 7. e3 Nf6 8. d4 cxd4 9. exd4 0-0 10. Re1 Rc8 11. Ne5 d6 12. Nxc6 Bxc6 13. Bxc6 Rxc6 14. Qd3 Re8 15. Bg5 d5 16. b3 Qd7 17. Bxf6 dxc4 18. bxc4 Bxf6 19. Nd5 Bg7 20. Rad1 Rd6 21. Qf3 e6 22. Nf6+ Bxf6 23. Qxf6 e5 24. Qh4 Qa4 25. Qe4 Qxc4 26. dxe5 Qxe4 0-1

[Event "Voronezh op 8th"]
[Site "Voronezh"]
[Date "2004.06.12"]
[Round "1"]
[White "Kuznetsov, Viktor"]
[Black "Baranov, Grigory"]
[Result "0-1"]
[WhiteElo "2232"]
[BlackElo "2340"]
[PlyCount "58"]
[EventDate "2004.06.12"]
[EventType "swiss"]
[EventRounds "9"]
[EventCountry "RUS"]
[SourceTitle "EXT 2005"]
[Source "ChessBase"]
[SourceDate "2004.11.15"]
[SourceVersion "1"]
[SourceVersionDate "2004.11.15"]
[SourceQuality "1"]

1. e4 c5 2. Nf3 Nc6 3. d4 cxd4 4. Nxd4 Nf6 5. Nc3 d6 6. Bg5 Bd7 7. Qd2 a6 8. 0-0-0 b5 9. f3 h6 10. Be3 e5 11. Nf5 Bxf5 12. exf5 Be7 13. g4 Rc8 14. h4 Na5 15. Be2 b4 16. Nd5 b3 17. Nxf6+ gxf6 18. c3 bxa2 19. Kc2 d5 20. Bxa6 d4 21. Bb5+ Kf8 22. Bxh6+ Kg8 23. g5 Qd5 24. Ba6 Qb3+ 25. Kd3 dxc3 26. Qg2 cxb2+ 27. Ke2 Rc2+ 28. Rd2 Rxd2+ 29. Kxd2 Bb4+ 0-1

[Event "Maikop op"]
[Site "Maikop"]
[Date "2004.04.??"]
[Round "2"]
[White "Baranov, Grigory"]
[Black "Poluljahov, Aleksandr"]
[Result "1/2-1/2"]
[WhiteElo "2340"]
[BlackElo "2516"]
[PlyCount "61"]
[EventDate "2004.04.??"]
[EventType "swiss"]
[EventRounds "9"]
[EventCountry "RUS"]
[SourceTitle "EXT 2006"]
[Source "ChessBase"]
[SourceDate "2005.11.24"]
[SourceVersion "1"]
[SourceVersionDate "2005.11.24"]
[SourceQuality "1"]

1. e4 c5 2. Nf3 Nc6 3. c3 Nf6 4. e5 Nd5 5. d4 cxd4 6. Bc4 e6 7. cxd4 d6 8. exd6 Qxd6 9. 0-0 Be7 10. Nc3 0-0 11. Re1 Nf6 12. a3 Rd8 13. Nb5 Qd7 14. Bf4 a6 15. Nc7 Ra7 16. Rc1 Bd6 17. Nxe6 fxe6 18. Rxe6 Qxe6 19. Qb3 Bxf4 20. Bxe6+ Bxe6 21. Qxe6+ Kf8 22. Rd1 Raa8 23. g3 Bh6 24. d5 Rd7 25. dxc6 Rxd1+ 26. Kg2 bxc6 27. Ne5 Ra7 28. Qc8+ Ne8 29. Qf5+ Nf6 30. Qc8+ Ne8 31. Qf5+ 1/2-1/2

[Event "Maikop op"]
[Site "Maikop"]
[Date "2004.04.??"]
[Round "6"]
[White "Dolya, Alexey"]
[Black "Baranov, Grigory"]
[Result "1-0"]
[WhiteElo "2214"]
[BlackElo "2340"]
[PlyCount "72"]
[EventDate "2004.04.??"]
[EventType "swiss"]
[EventRounds "9"]
[EventCountry "RUS"]
[SourceTitle "EXT 2006"]
[Source "ChessBase"]
[SourceDate "2005.11.24"]
[SourceVersion "1"]
[SourceVersionDate "2005.11.24"]
[SourceQuality "1"]

1. d4 e6 2. c4 d5 3. Nf3 c5 4. cxd5 exd5 5. Nc3 Nc6 6. Bg5 Be7 7. Bxe7 Ngxe7 8. e3 a6 9. dxc5 Qa5 10. Be2 0-0 11. 0-0 Qxc5 12. Rc1 Bf5 13. Qd2 Rad8 14. Rfd1 Qb4 15. b3 Qg4 16. Na4 Qg6 17. Nc5 Bc8 18. Nd3 Qh6 19. Nf4 Bf5 20. Nd3 d4 21. exd4 Qxd2 22. Rxd2 Nxd4 23. Nxd4 Rxd4 24. Rdd1 Be4 25. Nc5 Rxd1+ 26. Rxd1 Bc6 27. Bf3 Bxf3 28. gxf3 g6 29. Nxb7 Rc8 30. Rd8+ Rxd8 31. Nxd8 Nd5 32. Nb7 Nb4 33. a3 Nc2 34. a4 Kf8 35. Kf1 Ke7 36. Nc5 Nb4 1-0

[Event "Chigorin Memorial 06th"]
[Site "St Petersburg"]
[Date "1998.11.09"]
[Round "9"]
[White "Feoktistov, Alexey A"]
[Black "Baranov, Grigory"]
[Result "1-0"]
[WhiteElo "2405"]
[BlackElo "2290"]
[PlyCount "115"]
[EventDate "1998.10.31"]
[EventType "swiss"]
[EventRounds "9"]
[EventCountry "RUS"]
[SourceTitle "CBM 067 Extra"]
[Source "ChessBase"]
[SourceDate "1999.01.01"]
[SourceVersion "1"]
[SourceVersionDate "1999.01.01"]
[SourceQuality "1"]

1. e4 e6 2. d4 d5 3. e5 c5 4. dxc5 Nc6 5. Nf3 Bxc5 6. Bd3 Nge7 7. 0-0 Ng6 8. Re1 Qc7 9. Qe2 Nd4 10. Nxd4 Bxd4 11. Bxg6 hxg6 12. c3 Bc5 13. Nd2 Be7 14. Nf3 Rh5 15. Bf4 Bd7 16. a4 a5 17. Nd4 Rc8 18. Qd1 Qc4 19. Re3 Qa6 20. Rf3 f6 21. Rg3 Rh4 22. Be3 g5 23. Qb1 Re4 24. exf6 gxf6 25. Rh3 Kd8 26. Rh7 e5 27. Nb5 Bf5 28. Rh8+ Kd7 29. Rxc8 Kxc8 30. f3 Rxe3 31. Qxf5+ Kb8 32. Qd7 Qb6 33. Kf1 Qd8 34. Qxd8+ Bxd8 35. Rd1 d4 36. cxd4 e4 37. Re1 Rb3 38. fxe4 Rxb2 39. e5 fxe5 40. dxe5 Bb6 41. Re4 Bc5 42. e6 Rb4 43. Rxb4 axb4 44. Ke2 b6 45. Kd3 Kb7 46. Nd4 Kc7 47. Nf5 Bf2 48. Kc4 Be1 49. h3 Kd8 50. g3 Ke8 51. h4 g4 52. h5 Bc3 53. h6 Be5 54. Kxb4 Kd8 55. Kb5 Kc7 56. e7 Kd7 57. Kxb6 Bxg3 58. Nxg3 1-0

[Event "Chigorin Memorial 06th"]
[Site "St Petersburg"]
[Date "1998.11.07"]
[Round "7"]
[White "Yevseev, Denis"]
[Black "Baranov, Grigory"]
[Result "1-0"]
[WhiteElo "2470"]
[BlackElo "2290"]
[PlyCount "100"]
[EventDate "1998.10.31"]
[EventType "swiss"]
[EventRounds "9"]
[EventCountry "RUS"]
[SourceTitle "CBM 067 Extra"]
[Source "ChessBase"]
[SourceDate "1999.01.01"]
[SourceVersion "1"]
[SourceVersionDate "1999.01.01"]
[SourceQuality "1"]

1. d4 d5 2. c4 c6 3. Nf3 e6 4. Nc3 dxc4 5. a4 Bb4 6. e3 b5 7. Bd2 Qe7 8. axb5 Bxc3 9. Bxc3 cxb5 10. d5 Nf6 11. dxe6 Bxe6 12. Nd4 Bd7 13. Qf3 Ne4 14. g4 0-0 15. Bg2 Re8 16. Qxe4 Qxe4 17. Bxe4 Rxe4 18. h3 a6 19. Ke2 Ra7 20. Rhd1 Re8 21. f3 Rb7 22. Bb4 Bc8 23. e4 Rd7 24. Ke3 Red8 25. Rd2 g6 26. h4 Bb7 27. Ba5 Re8 28. h5 f6 29. Rad1 Bc8 30. Bc3 Rf7 31. Rh1 Rg7 32. hxg6 hxg6 33. g5 fxg5 34. Rdh2 Nd7 35. Nc6 Nf8 36. Rh8+ Kf7 37. Bxg7 Kxg7 38. R1h7+ Nxh7 39. Rxe8 Bh3 40. Re7+ Kg8 41. Ra7 g4 42. fxg4 Bxg4 43. Ne7+ Kg7 44. Nf5+ Kf6 45. Rxa6+ Ke5 46. Ne7 Nf8 47. Nxg6+ Nxg6 48. Rxg6 Bd7 49. Rg5+ Kd6 50. Kd4 Kc6 1-0

[Event "Chigorin Memorial 06th"]
[Site "St Petersburg"]
[Date "1998.11.06"]
[Round "6"]
[White "Baranov, Grigory"]
[Black "Payen, Arnaud"]
[Result "1/2-1/2"]
[WhiteElo "2290"]
[BlackElo "2420"]
[PlyCount "117"]
[EventDate "1998.10.31"]
[EventType "swiss"]
[EventRounds "9"]
[EventCountry "RUS"]
[SourceTitle "CBM 067 Extra"]
[Source "ChessBase"]
[SourceDate "1999.01.01"]
[SourceVersion "1"]
[SourceVersionDate "1999.01.01"]
[SourceQuality "1"]

1. b4 d5 2. Bb2 Bg4 3. h3 Bh5 4. Nf3 Bxf3 5. exf3 Nf6 6. c4 dxc4 7. Bxc4 e6 8. 0-0 Nbd7 9. a3 Be7 10. d4 0-0 11. Nd2 Nb6 12. Bd3 Nfd5 13. Ne4 Nf4 14. Bc2 Bd6 15. Bc1 Nbd5 16. g3 Nh5 17. Re1 g6 18. Qd3 Be7 19. Bb2 Ng7 20. Nc5 Rb8 21. Qb3 a6 22. Be4 c6 23. Kg2 Re8 24. Rad1 Bf6 25. Bc1 Re7 26. Be3 Nf5 27. Bb1 Qc7 28. Ne4 Bg7 29. Nc3 Ndxe3+ 30. Rxe3 Nxe3+ 31. fxe3 Rd8 32. f4 a5 33. h4 axb4 34. axb4 Ra8 35. h5 Qd6 36. hxg6 hxg6 37. Rh1 b6 38. Be4 Rea7 39. b5 Ra3 40. Qc4 cxb5 41. Nxb5 Ra2+ 42. Kf3 Qd8 43. Bxa8 Qxa8+ 44. e4 Bf8 45. Qc3 Ra5 46. d5 Bg7 47. Qc6 exd5 48. exd5 Qd8 49. d6 Rxb5 50. Qxb5 Qa8+ 51. Ke2 Qxh1 52. Qe8+ Kh7 53. d7 Qg2+ 54. Ke3 Qxg3+ 55. Ke2 Qg2+ 56. Ke3 Qg1+ 57. Ke2 Qg2+ 58. Ke3 Qg3+ 59. Ke2 1/2-1/2

[Event "Chigorin Memorial 06th"]
[Site "St Petersburg"]
[Date "1998.11.02"]
[Round "3"]
[White "Salinnikov, Denis Y"]
[Black "Baranov, Grigory"]
[Result "0-1"]
[WhiteElo "2485"]
[BlackElo "2290"]
[PlyCount "72"]
[EventDate "1998.10.31"]
[EventType "swiss"]
[EventRounds "9"]
[EventCountry "RUS"]
[SourceTitle "CBM 067 Extra"]
[Source "ChessBase"]
[SourceDate "1999.01.01"]
[SourceVersion "1"]
[SourceVersionDate "1999.01.01"]
[SourceQuality "1"]

1. e4 e6 2. d3 d5 3. Nd2 Nf6 4. Ngf3 Be7 5. g3 dxe4 6. dxe4 b6 7. Bb5+ c6 8. Be2 0-0 9. 0-0 Qc7 10. c3 Rd8 11. Qc2 Nbd7 12. Nc4 e5 13. Re1 b5 14. Ncd2 Bb7 15. a4 a6 16. Bf1 h6 17. Nb3 Nb6 18. a5 Nbd7 19. c4 Nc5 20. Bd2 Nxb3 21. Qxb3 c5 22. cxb5 axb5 23. a6 Rxa6 24. Bxb5 Rxa1 25. Rxa1 Qb8 26. Ba5 Rf8 27. Bc4 Nxe4 28. Re1 Bf6 29. Bd5 Nd6 30. Nxe5 Qa8 31. Bxb7 Qxa5 32. Kf1 Bxe5 33. Rxe5 Rb8 34. Qd5 Nxb7 35. Re7 Qb5+ 36. Kg1 Nd8 0-1

[Event "Chigorin Memorial 06th"]
[Site "St Petersburg"]
[Date "1998.11.01"]
[Round "2"]
[White "Baranov, Grigory"]
[Black "Polovodin, Igor A"]
[Result "1/2-1/2"]
[WhiteElo "2290"]
[BlackElo "2460"]
[PlyCount "37"]
[EventDate "1998.10.31"]
[EventType "swiss"]
[EventRounds "9"]
[EventCountry "RUS"]
[SourceTitle "CBM 067 Extra"]
[Source "ChessBase"]
[SourceDate "1999.01.01"]
[SourceVersion "1"]
[SourceVersionDate "1999.01.01"]
[SourceQuality "1"]

1. b4 d5 2. Bb2 Nf6 3. e3 e6 4. b5 a6 5. a4 axb5 6. axb5 Rxa1 7. Bxa1 Bd6 8. Nf3 0-0 9. Be2 c6 10. 0-0 Qa5 11. Bc3 Qc7 12. Bxf6 gxf6 13. c4 Nd7 14. d4 dxc4 15. Bxc4 c5 16. Nbd2 Nb6 17. dxc5 Bxc5 18. e4 Be7 19. Be2 1/2-1/2

[Event "Chigorin Memorial 06th"]
[Site "St Petersburg"]
[Date "1998.10.31"]
[Round "1"]
[White "Kobalia, Mihail"]
[Black "Baranov, Grigory"]
[Result "0-1"]
[WhiteElo "2505"]
[BlackElo "2290"]
[PlyCount "126"]
[EventDate "1998.10.31"]
[EventType "swiss"]
[EventRounds "9"]
[EventCountry "RUS"]
[SourceTitle "CBM 067 Extra"]
[Source "ChessBase"]
[SourceDate "1999.01.01"]
[SourceVersion "1"]
[SourceVersionDate "1999.01.01"]
[SourceQuality "1"]

1. e4 e6 2. d4 d5 3. Nd2 Nf6 4. e5 Nfd7 5. Bd3 c5 6. c3 Nc6 7. Ne2 cxd4 8. cxd4 f6 9. exf6 Nxf6 10. 0-0 Bd6 11. Nf3 0-0 12. Bg5 Bd7 13. Re1 h6 14. Bf4 Be8 15. Bxd6 Qxd6 16. Ng3 Nh5 17. Bb1 Nf4 18. a3 Bg6 19. Re3 Rae8 20. Qe1 Bxb1 21. Rxb1 Ng6 22. b4 a6 23. b5 axb5 24. Rxb5 Rxf3 25. gxf3 Nxd4 26. Rxb7 Nh4 27. Qd1 e5 28. f4 Qc6 29. Ra7 Nb5 30. Rxg7+ Kxg7 31. Qg4+ Ng6 32. f5 Nd4 33. fxg6 Qxg6 34. Qd7+ Kh8 35. Qxd5 Qc6 36. Qf7 Rb8 37. Nf1 Rg8+ 38. Ng3 Rb8 39. Re4 Ne2+ 40. Nxe2 Rb1+ 41. Kg2 Qxe4+ 42. Kh3 Rb7 43. Qe8+ Kh7 44. Ng3 Qd5 45. Qh5 Rf7 46. Qe2 Re7 47. Qc2+ e4 48. Qb1 Qd3 49. Qb4 Rf7 50. Qxe4+ Qxe4 51. Nxe4 Rf4 52. Nc5 Rxf2 53. Kg3 Rc2 54. Ne4 Ra2 55. h4 Rxa3+ 56. Kg4 Kg6 57. Ng3 Ra4+ 58. Kh3 Kf6 59. Nh5+ Kf5 60. Ng3+ Kf4 61. Nh5+ Kf3 62. Nf6 Ra1 63. Kh2 Ra6 0-1

[Event "Petrov Memorial op"]
[Site "St Petersburg"]
[Date "1998.??.??"]
[Round "9"]
[White "Baranov, Grigory"]
[Black "Moskvitin, Valerij"]
[Result "1-0"]
[WhiteElo "2280"]
[BlackElo "2170"]
[PlyCount "95"]
[EventDate "1998.02.??"]
[EventType "swiss"]
[EventRounds "9"]
[EventCountry "RUS"]
[SourceTitle "EXT 1999"]
[Source "ChessBase"]
[SourceDate "1998.11.16"]
[SourceVersion "1"]
[SourceVersionDate "1998.11.16"]
[SourceQuality "1"]

1. e4 c5 2. g3 d5 3. exd5 Qxd5 4. Nf3 Bg4 5. Bg2 Qe6+ 6. Kf1 Bh3 7. Nc3 Nc6 8. d3 Nf6 9. Be3 b6 10. Qe2 Rd8 11. Ng5 Bxg2+ 12. Kxg2 Qd7 13. Nge4 Nd5 14. Nxd5 Qxd5 15. f3 g6 16. Bxc5 Bg7 17. Ba3 0-0 18. Rhd1 Rfe8 19. c3 Ne5 20. Nf2 h5 21. b3 f5 22. c4 Qd7 23. d4 Nf7 24. Bb2 Bf6 25. Nd3 Bxd4 26. Ne5 Bxb2 27. Rxd7 Bxa1 28. Rxd8 Nxd8 29. Nxg6 Bf6 30. f4 Kg7 31. Qxh5 Nf7 32. Qxf5 Rd8 33. Qc2 Rd4 34. g4 Nh8 35. Nxh8 Kxh8 36. g5 Bg7 37. Kg3 e5 38. f5 e4 39. f6 Bf8 40. Qe2 Bd6+ 41. Kg2 Kg8 42. Qh5 Rd2+ 43. Kf1 Rxh2 44. Qg6+ Kf8 45. Qg7+ Ke8 46. f7+ Kd8 47. f8R+ Bxf8 48. Qxf8+ 1-0

[Event "RUS-Cup02"]
[Site "Moscow"]
[Date "1998.??.??"]
[Round "3"]
[White "Baranov, Grigory"]
[Black "Obukhov, Alexander"]
[Result "0-1"]
[WhiteElo "2280"]
[BlackElo "2430"]
[PlyCount "84"]
[EventDate "1998.01.21"]
[EventType "swiss"]
[EventRounds "9"]
[EventCountry "RUS"]
[SourceTitle "EXT 1999"]
[Source "ChessBase"]
[SourceDate "1998.11.16"]
[SourceVersion "1"]
[SourceVersionDate "1998.11.16"]
[SourceQuality "1"]

1. e4 e5 2. Nf3 Nc6 3. Bc4 Nf6 4. d3 h6 5. 0-0 d6 6. c3 g6 7. b4 Bg7 8. Nbd2 0-0 9. Bb2 Kh7 10. a4 Nh5 11. b5 Na5 12. Ba2 f5 13. d4 fxe4 14. Nxe4 Rf4 15. Qe1 Rxf3 16. gxf3 Bh3 17. c4 Bxf1 18. Kxf1 b6 19. dxe5 Qh4 20. Ng3 Qxh2 21. Nxh5 Qh1+ 22. Ke2 Qxh5 23. Qh1 Qxh1 24. Rxh1 Re8 25. f4 dxe5 26. fxe5 Bxe5 27. Bxe5 Rxe5+ 28. Kf3 Nb7 29. Bb1 Kg7 30. Be4 Nc5 31. Bc2 Re6 32. Rd1 Rd6 33. Ra1 Rd4 34. Rg1 g5 35. Rg4 Rd2 36. Be4 Ra2 37. Bd5 Rxa4 38. Rg1 Ra3+ 39. Kg4 Kg6 40. f3 h5+ 41. Kg3 Nd3 42. Be4+ Kf6 0-1

[Event "Petrov Memorial op"]
[Site "St Petersburg"]
[Date "1998.??.??"]
[Round "5"]
[White "Baranov, Grigory"]
[Black "Panikarovsky, A."]
[Result "1-0"]
[WhiteElo "2280"]
[BlackElo "2380"]
[PlyCount "81"]
[EventDate "1998.02.??"]
[EventType "swiss"]
[EventRounds "9"]
[EventCountry "RUS"]
[SourceTitle "EXT 1999"]
[Source "ChessBase"]
[SourceDate "1998.11.16"]
[SourceVersion "1"]
[SourceVersionDate "1998.11.16"]
[SourceQuality "1"]

1. e4 c5 2. g3 Nc6 3. Bg2 g6 4. f4 Bg7 5. Nf3 d6 6. 0-0 e6 7. d3 Nge7 8. c3 0-0 9. Be3 b6 10. Na3 d5 11. e5 Nf5 12. Bf2 h5 13. d4 Qe7 14. Nc2 Ba6 15. Re1 cxd4 16. Nfxd4 Nfxd4 17. Nxd4 Nxd4 18. Bxd4 Rfc8 19. h3 Bf8 20. a4 b5 21. Bf1 Qb7 22. Qd3 Rab8 23. axb5 Bxb5 24. Qxb5 Qxb5 25. Bxb5 Rxb5 26. b4 Rb7 27. Re3 Rc4 28. Rd3 Rbc7 29. Kf2 Be7 30. g4 hxg4 31. hxg4 Bf8 32. f5 exf5 33. gxf5 f6 34. exf6 gxf5 35. Rh3 Kf7 36. Rh7+ Kg8 37. Rh3 Kf7 38. Rh8 Rd7 39. Rg1 a5 40. Rgg8 Bd6 41. Rg7+ 1-0

[Event "RUS-ch sf"]
[Site "Krasnodar"]
[Date "1998.??.??"]
[Round "?"]
[White "Batikiants, Semen"]
[Black "Baranov, Grigory"]
[Result "1-0"]
[WhiteElo "2195"]
[BlackElo "2280"]
[PlyCount "85"]
[EventDate "1998.??.??"]
[EventType "swiss"]
[EventRounds "9"]
[EventCountry "RUS"]
[SourceTitle "EXT 2000"]
[Source "ChessBase"]
[SourceDate "1999.11.16"]
[SourceVersion "1"]
[SourceVersionDate "1999.11.16"]
[SourceQuality "1"]

1. d4 e6 2. Nf3 c5 3. c3 Nf6 4. e3 b6 5. Bd3 Bb7 6. Nbd2 Be7 7. 0-0 0-0 8. Re1 d5 9. Qc2 Nbd7 10. Ne5 c4 11. Nxd7 Nxd7 12. Be2 b5 13. e4 e5 14. Bf3 exd4 15. cxd4 Qb6 16. exd5 Bf6 17. Be4 Bxd4 18. Nf3 Nf6 19. Bg5 Nxe4 20. Rxe4 Bxd5 21. Nxd4 Bxe4 22. Qxe4 Rfe8 23. Qh4 Qa5 24. Be3 Qb4 25. Rb1 c3 26. Qg5 Qxb2 27. Rxb2 cxb2 28. Qf5 Rac8 29. Nb3 Red8 30. Kf1 Rd1+ 31. Ke2 Rcd8 32. Nd2 g6 33. Qc2 R8xd2+ 34. Bxd2 b1Q 35. Qxd1 Qxa2 36. Kf1 h5 37. Qe1 Qc4+ 38. Kg1 Qc6 39. h4 a6 40. Qe5 f6 41. Qe7 Qd5 42. Bc3 Qf7 43. Qd6 1-0

[Event "RUS-Cup02"]
[Site "Moscow"]
[Date "1998.??.??"]
[Round "1"]
[White "Bezgodov, Alexei"]
[Black "Baranov, Grigory"]
[Result "1-0"]
[WhiteElo "2520"]
[BlackElo "2280"]
[PlyCount "64"]
[EventDate "1998.01.21"]
[EventType "swiss"]
[EventRounds "9"]
[EventCountry "RUS"]
[SourceTitle "EXT 1999"]
[Source "ChessBase"]
[SourceDate "1998.11.16"]
[SourceVersion "1"]
[SourceVersionDate "1998.11.16"]
[SourceQuality "1"]

1. e4 e6 2. d4 d5 3. Nc3 Nf6 4. Bg5 Bb4 5. e5 h6 6. Bd2 Nfd7 7. Qg4 Bf8 8. Nce2 c5 9. c3 Nc6 10. Nf3 Qb6 11. Rb1 g6 12. Qf4 a5 13. Be3 Qc7 14. h4 a4 15. a3 Bg7 16. Ng3 b6 17. Bb5 Ra5 18. Bxc6 Qxc6 19. 0-0 Ba6 20. Rfe1 0-0 21. Rbd1 f6 22. exf6 Nxf6 23. Bc1 Ne4 24. Qg4 cxd4 25. Nxe4 dxe4 26. Nxd4 Qc5 27. Qxe4 e5 28. Nf3 Kh7 29. h5 Rf6 30. hxg6+ Kg8 31. Rd8+ Bf8 32. Bxh6 Bc4 1-0